banner-ar

الكتابة للاطفال / (Record no. 63266)

MARC details
000 -الفاتح
حقل البيانات ثابتة الطول 01090nam a22002897a 4500
005 - وقت وتاريخ اخر تعامل مع التسجيلة
رقم الضبط 20240530110632.0
008 - عناصر البيانات ثابتة الطول - معلومات عامة
حقل البيانات ثابتة الطول 170711s2014 ua g |||| 000 0 ara d
017 ## - رقم الايداع القانونى
رقم الايداع القانونى 2012/3295
المصدر ( الهيئة المختصة) مصر . دار الكتب المصرية
020 ## - الرقم الدولى المعيارى للكتب
الرقم الدولى المعيارى للكتاب 9789777049481
040 ## - مصدر الفهرسة
وكالة الفهرسة الأصلية EG-CaGPL
082 04 - رقم تصنيف ديوى العشرى
رقم الطبعة 21
رقم التصنيف 808.068
رقم المادة س ك
100 10 - المدخل الرئيسى - إسم شخصى
الإسم الشخصى ستراتشان ، لندا
الدور مؤلف
245 12 - بيان العنوان
العنوان الكتابة للاطفال /
بيان المسئوليه,etc تأليف لندا ستراتشان ؛ ترجمة ليلي صلاح لبابيدى
250 ## - بيان الطبعة
بيان الطبعة ط 1
260 ## - PUBLICATION, DISTRIBUTION, ETC. (IMPRINT)
تاريخ النشر أو التوزيع 2014
300 ## - الوصف المادى
التعداد 304 ص ،
أبعاد الوعاء 24 سم
490 ## - بيان السلسلة
عنوان السلسلة المركز القومى للترجمة ؛
رقم المجلد/ التعيين التسلسلي 2078
504 ## - تبصرة ببليوجرافية
تبصرة ببليوجرافية,الخ يشتمل علي ارجاعات بيبلوجرافية
650 07 - المدخل الاضافى بالموضوع-مصطلح موضوعى
مصطلح موضوعي كتب اطفال
650 07 - المدخل الاضافى بالموضوع-مصطلح موضوعى
مصطلح موضوعي الكتب المصورة
650 07 - المدخل الاضافى بالموضوع-مصطلح موضوعى
مصطلح موضوعي الكتب المصورة
التقسيم الفرعي العام اطفال
650 07 - المدخل الاضافى بالموضوع-مصطلح موضوعى
مصطلح موضوعي الكتابة
التقسيم الفرعي العام علم
650 07 - المدخل الاضافى بالموضوع-مصطلح موضوعى
مصطلح موضوعي الشعر
700 0# - المدخل الاضافى - اسم شخصى
الإسم الشخصى ليلي صلاح لبابيدي
الدور مترجم
942 ## - عناصر المدخل الإضافي( كوها)
مصدر التصنيف او مخطط الترفيف Dewey Decimal Classification
Koha [default] item type كتاب
260 ## - PUBLICATION, DISTRIBUTION, ETC. (IMPRINT)
-- القاهرة :
-- المركز القومي للترجمة ،
Holdings
حالة التراجع حالة الفقد حالة تلف ليس للاعارة المكان المؤقت الموقع الحالى موقع الترفيف تاريخ الاكتساب اجمالي اﻻعارات رقم الطلب الباركود تاريخ اخر مشاهدة تاريخ تفعيل السعر نوع وعاء كوها
        مكتبة القاهرة الكبرى مكتبة القاهرة الكبرى القاعة الرئيسية 07/11/2017   808.068 س ك 163240 07/11/2017 07/11/2017 كتاب

Powered By

EGPV